Assessment of the Development Potential of the Tourism Industry in Czechia on the Basis of Smart Specialization

Hodnotenie potenciálu rozvoja českého cestovného ruchu na základe inteligentnej špecializácie s využitím navrhovaného integrálneho ukazovateľa potenciálu inteligentnej špecializácie. Vytvotenie nástroja na alokáciu investičných zdrojov na zabezpečenie rozvoja cestovného ruchu v ČR a jej regiónoch.

Saved in:
Bibliographic Details
Main Author: But, Tetiana
Other Authors: Pulina, Tetiana, Bielan, Olha
Format: Book Chapter
Language:English
Subjects:
Tags: Add Tag
No Tags, Be the first to tag this record!

MARC

LEADER 00000naa a2200000 4500
001 0308697
005 20250522085053.1
041 0 |a eng 
044 |a CZ 
245 1 0 |a Assessment of the Development Potential of the Tourism Industry in Czechia on the Basis of Smart Specialization  |c Tetiana But, Tetiana Pulina, Olha Bielan... [et al.] 
520 |a Hodnotenie potenciálu rozvoja českého cestovného ruchu na základe inteligentnej špecializácie s využitím navrhovaného integrálneho ukazovateľa potenciálu inteligentnej špecializácie. Vytvotenie nástroja na alokáciu investičných zdrojov na zabezpečenie rozvoja cestovného ruchu v ČR a jej regiónoch. 
610 2 0 |a ruch cestovný 
610 2 0 |a technológie inteligentné 
610 2 0 |a inovácie technologické 
610 2 0 |a potenciál ekonomický 
610 2 0 |a rozvoj regionálny 
610 2 0 |a Česko 
100 1 |a But, Tetiana 
700 1 |a Pulina, Tetiana 
700 1 |a Bielan, Olha